00289 2200133 4500001002100000005001500021035002000036245002800056300000800084260003100092082000800123084001200131990001200143INLIS00000000000240620250528121710 a0010-0525000698 aBibir /cBahdi Soemanto a102 aJakarta :bGramedia,c2002 a813 a813 BIB a0713423